000 01369cam a2200361 a 4500
999 _c833
_d833
001 2141773
003 GZU
005 20200915095134.0
008 980327s1998 mauab b 001 0deng
010 _a 98017149
020 _a0674446119 (alk. paper)
040 _aDLC
_cDLC
_dDLC
043 _an-us---
_afw-----
050 0 0 _aE184
_bDIA1998
082 0 0 _a973/.0496
_221
100 1 _aDiawara, Manthia,
_d1953-
245 1 0 _aIn search of Africa /
_cManthia Diawara.
260 _aCambridge, Mass. :
_bHarvard University Press,
_c1998.
300 _aix, 288 p. :
_bill., map ;
_c24 cm.
504 _aIncludes bibliographical references (p. 279-282) and index.
600 1 0 _aDiawara, Manthia,
_d1953-
_xTravel
_zAfrica.
650 0 _aWest Africans
_zUnited States
_xEthnic identity.
650 0 _aWest Africans
_zUnited States
_vBiography.
650 0 _aAfrican Americans
_xRelations with Africans.
650 0 _aPan-Africanism.
650 0 _aAfrican American arts.
650 0 _aArts, African.
651 0 _aUnited States
_xRelations
_zAfrica, French-speaking West.
651 0 _aAfrica, French-speaking West
_xRelations
_zUnited States.
906 _a7
_bcbc
_corignew
_d1
_eocip
_f19
_gy-gencatlg
942 _2lcc
_cBK
_h184
_iDIA
_kE